Państwa leżące najbardziej na zachodzir - Statystyki

Ogólne statystyki
  • Ten quiz został rozwiązany 38 razy
  • Średni wynik to 12 z 15
Statystyki odpowiedzi
Lubie
Szkielety
Państwo % Poprawnych
3 Kanada
100%
2 Meksyk
100%
1 Usa
100%
11 Panama
94%
9 Kostaryka
92%
4 Gwatemala
89%
15 Kolumbia
86%
6 Salwador
86%
5 Ekwador
83%
8 Nikaragua
83%
7 Honduras
81%
12 Peru
81%
10 Kuba
67%
14 Bahamy
25%
13 Wielka brytania
25%
Nie znaleziono quizów pasujących do podanych kryteriów
Rozkład punktacji
Procent ludzi z każdym wynikiem
Percentyl według liczby udzielonych odpowiedzi
Twoja historia wyników
Nie rozwiązałeś tego quizu